000 03712nkm0a2200517 4500
001 RU\NLR\bibl\2087061
005 20260410144335.0
020 _aRU
_b1192(10)
_9ЛЕНИНГРАД В ВЕЛИКОЙ ОТЕЧЕСТВЕННОЙ ВОЙНЕ : Печать Ленинграда, 1941 - 1945 : каталог изданий, хранящихся в фондах Гос. Публ. б-ки, вып.2. Листовки, плакаты, открытки, альбомы / Гос. публ. б-ка им. М.Е. Салтыкова-Щедрина. - Ленинград, 1972
035 _a(NLR Aleph) 010198730
071 5 0 _a2522
_d50 коп.
_915000
090 _a13291231
_c13291231
100 _a20140110d1944 u y0rusy50 ca
101 0 _arus
102 _aRU
116 _aiiyc||||||bi ae
135 _acrcn 024apaba
200 1 _aЛенинград в дни Отечественной войны. Ранним утром
_bИзоматериал
_eпочтовая карточка
_fхуд.: Эд. Будогосский [т.е. Будогоский]
_gред.: В.М. Соколов
210 _aЛенинград
_cИскусство
_d1944
_gЛТ УН-9
215 _a1 л.
_cцв. литогр.
_d14,6х10,5
300 _aЦенз. разрешение: М-01761
300 _aИзд. номер: 2522
321 1 _aСражающийся Ленинград. Почтовая открытка = Postcard. Leningrad in strugle : энциклопедический каталог / А.Д. Гдалин, М.Р. Иванова ; [Союз проф. литераторов России и др.]. - Санкт-Петербург : Инфо-Да, 2007.
_c553
325 1 _aЭлектронная копия доступна в Электронной библиотеке РНБ
327 0 _aВид от поврежденного двухэтажного дома на набережную реки Невы в Ленинграде и ее противоположный берег
517 1 _aРанним утром
540 1 _aВид от поврежденного двухэтажного дома на набережную реки Невы в Ленинграде и ее противоположный берег
606 1 _aБлокада Ленинграда
_xИзображение на почтовых открытках маркированных художественных
_z1941 - 1944
_z1941 - 1945
_92163746
_3RU\NLR\auth\6601539002
686 _aЩ153(2Р=Рус)7-489
686 _aЩ153(2Р=Рус)7-3
700 1 _4040
_aБудогоский
_bЭ. А.
_cхудожник
_f1903-1976
_gЭдуард Анатольевич
_9127671
_3RU\NLR\AUTH\770127696
702 1 _4340
_aСоколов
_bВ. М.
_cхудожник
_f1909-1991
_gВладимир Максимович
_9127135
_3RU\NLR\AUTH\770127159
801 0 _aRU
_bNLR
_c19720101
_gPSBO
801 1 _aRU
_bNLR
_c20140110
_gRCR
852 _aNLR
_bЛ3-310о
_j25/1
856 0 _uhttp://vivaldi.nlr.ru/lo000070370/view
856 1 _uhttp://vivaldi.nlr.ru/lo000070370/cover
856 2 _uhttp://vivaldi.nlr.ru/lo000070370/text
901 _eИзографические материалы
942 _cVISUAL
945 _aРоссийская национальная библиотека
980 _aNB
980 _aBV
981 3 7 _a(37) Ленинград в Великой Отечественной войне
_b(37) Открытки блокадного Ленинграда
981 1 7 _a(17) Изографические материалы
_b(17) Открытки